| 000 | 00750nam a2200229 i 4500 | ||
|---|---|---|---|
| 003 | DO-SdBNP | ||
| 005 | 20240821083959.0 | ||
| 007 | ta | ||
| 008 | 240821b2019 dr abc|| |||| 00| 0 spa d | ||
| 040 |
_aDO-SdBNP _bspa _cBNPHU _erda |
||
| 082 | 4 | _222 | |
| 245 | 0 | 0 |
_aMercado laboral dominicano 2018 : _banálisis de las brechas salariales entre hombres y mujeres |
| 264 |
_aSanto Domingo ; _bMinisterio de la Mujer; _bMEPyD, _c2019. |
||
| 300 |
_a80 páginas : _bilustraciones, mapas y retratos ; _c22 cm. |
||
| 336 |
_2rdacontent _atexto _btxt |
||
| 337 |
_2rdamedia _asin mediación _bn |
||
| 338 |
_2rdacarrier _avolumen _bnc |
||
| 504 | _aBibliografía : páginas 77-80 | ||
| 590 | _aInventariado, 2024/BT | ||
| 910 | _aBtavárez | ||
| 942 |
_2ddc _cLBS1 |
||
| 999 |
_c57505 _d57505 |
||